| 000 | 00649cam a22002051 4500 | ||
|---|---|---|---|
| 001 | sa 68006029 | ||
| 003 | DLC | ||
| 005 | 20260227112513.0 | ||
| 008 | 710915s1966 ii a 00010 eng | ||
| 010 | _asa 68006029 //r85 | ||
| 025 | _aPL480:I-E-8298 | ||
| 050 | 0 |
_aHJ4387.M9 _bA49 |
|
| 082 | _a354.54/87/00724213 | ||
| 110 | 1 | 0 | _aMysore (India : State) |
| 245 | 1 | 4 | _aThe Mysore revenue survey manual. |
| 260 | 0 |
_aBangalore, _bPrinted by the Director of Print., Stationery and Publications at the Govt. Press, _c1966. |
|
| 300 |
_a2 v. in 1. _billus. _c21 cm. |
||
| 350 | _aRs8 | ||
| 650 | 0 |
_aLand value taxation _zMysore _xHandbooks, manuals, etc. |
|
| 999 |
_c81080 _d81080 |
||